A comparative study on the ethanol produced using banana (Musa acuminata) and orange (Citrus sinesis) peelings / (Record no. 98559)
[ view plain ]
| 000 -LEADER | |
|---|---|
| fixed length control field | 00798nam a2200193 a 4500 |
| 003 - CONTROL NUMBER IDENTIFIER | |
| control field | 0 |
| 005 - DATE AND TIME OF LATEST TRANSACTION | |
| control field | 20250217151239.0 |
| 008 - FIXED-LENGTH DATA ELEMENTS--GENERAL INFORMATION | |
| fixed length control field | 110621s19uu xx 00 eng d |
| 050 ## - LIBRARY OF CONGRESS CALL NUMBER | |
| Classification number | PHS TP 248.27.A53 |
| Item number | .H86 2011 |
| 100 ## - MAIN ENTRY--PERSONAL NAME | |
| Personal name | Huang, Claire. |
| 245 ## - TITLE STATEMENT | |
| Title | A comparative study on the ethanol produced using banana (Musa acuminata) and orange (Citrus sinesis) peelings / |
| Statement of responsibility, etc | Claire Huang. |
| 260 ## - PUBLICATION, DISTRIBUTION, ETC. (IMPRINT) | |
| Place of publication, distribution, etc | Las Piñas City, Philippines : |
| Name of publisher, distributor, etc | Southville International School and Colleges, |
| Date of publication, distribution, etc | 2011. |
| 300 ## - PHYSICAL DESCRIPTION | |
| Extent | 31 pages : |
| Other physical details | colored illustrations ; |
| Dimensions | 28 cm. |
| 504 ## - BIBLIOGRAPHY, ETC. NOTE | |
| Bibliography, etc | Includes bibliographical references. |
| 650 ## - SUBJECT ADDED ENTRY--TOPICAL TERM | |
| Topical term or geographic name as entry element | Ethanol |
| General subdivision | Banana (Musa acuminata) |
| -- | Orange (Citrus sinesis) |
| 650 ## - SUBJECT ADDED ENTRY--TOPICAL TERM | |
| Topical term or geographic name as entry element | Biofuels |
| General subdivision | Agricultural waste |
| Form subdivision | Utilization. |
| 650 ## - SUBJECT ADDED ENTRY--TOPICAL TERM | |
| Topical term or geographic name as entry element | Renewable energy |
| General subdivision | Ethanol production. |
| 942 ## - ADDED ENTRY ELEMENTS (KOHA) | |
| Source of classification or shelving scheme | Library of Congress Classification |
| Koha item type | PASS |
| Withdrawn status | Lost status | Source of classification or shelving scheme | Damaged status | Home library | Current library | Shelving location | Date acquired | Source of acquisition | Total Checkouts | Full call number | Barcode | Date last seen | Price effective from | Koha item type |
|---|---|---|---|---|---|---|---|---|---|---|---|---|---|---|
| Library of Congress Classification | Luxembourg Library | Luxembourg Library | Portfolio Assessment of SISC Students Section | 06/21/2011 | Donation | PHS TP 248.27.A53 .H86 2011 | P2659 | 04/08/2014 | 04/08/2014 | PASS |